Which Picture Matches the City? - Statistics

General Stats
  • This quiz has been taken 48 times
  • The average score is 9 of 10
Answer Stats
Question Answer % Correct
Which matches New York City?
98%
Which matches Shanghai?
98%
Which matches San Francisco?
98%
Which matches Sydney?
96%
Which matches Rio de Janeiro?
93%
Which matches Cairo?
89%
Which matches Orlando?
83%
Which matches Los Angeles?
80%
Which matches Seoul?
70%
Which matches Dubai?
57%
No matching quizzes found
Score Distribution
Percent of People with Each Score
Percentile by Number Answered
Your Score History
You have not taken this quiz